LEADER 00860nam0-22002531i-450- 001 990002607580403321 005 20070606112917.0 035 $a000260758 035 $aFED01000260758 035 $a(Aleph)000260758FED01 035 $a000260758 100 $a20030910d1966----km-y0itay50------ba 101 0 $aita 102 $aIT 200 1 $aFoglio di modificazioni n. 2 alla tariffa dei dazi doganali di importazione della Repubblica Italiana$fMinistero delle Finanze 210 $aRoma$cIstituto Poligrafico dello Stato$d1966 710 01$aItalia.$bMinistero delle finanze$0356818 801 0$aIT$bUNINA$gRICA$2UNIMARC 901 $aBK 912 $a990002607580403321 952 $a1-5-20-TI$bs.i.$fECA 959 $aECA 996 $aFoglio di modificazioni n. 2 alla tariffa dei dazi doganali di importazione della Repubblica Italiana$9434847 997 $aUNINA LEADER 00631nam0-22002411i-450- 001 990001154550403321 035 $a000115455 035 $aFED01000115455 035 $a(Aleph)000115455FED01 035 $a000115455 100 $a20000920d1964----km-y0itay50------ba 101 0 $aeng 200 1 $aSelected Papers$fby Wiener 210 $aCambridge$cThe MIT Press$d1964 700 1$aWiener,$bNorbert$f<1894-1964>$02095 801 0$aIT$bUNINA$gRICA$2UNIMARC 901 $aBK 912 $a990001154550403321 952 $a113-G-16-OP$b8920$fMA1 959 $aMA1 996 $aSelected Papers$9346347 997 $aUNINA DB $aING01 LEADER 01124nam--2200397---450- 001 990001434090203316 005 20040218130053.0 035 $a000143409 035 $aUSA01000143409 035 $a(ALEPH)000143409USA01 035 $a000143409 100 $a20040218d1985----km-y0itay0103----ba 101 0 $aita 102 $aIT 105 $aa|||||||001yy 200 1 $a<> forma e decisione$estudi critici$fEmanuele Castrucci 210 $aMilano$cGiuffrè$d1985 215 $a209 p.$cill.$d20 cm 225 2 $aValori politici$v3 410 0$12001$aValori Politici$v3 454 1$12001 461 1$1001-------$12001 606 0 $aForma$xStudi 606 0 $aFilosofia della politica$xStudi 676 $a117 700 1$aCASTRUCCI,$bEmanuele$0148285 801 0$aIT$bsalbc$gISBD 912 $a990001434090203316 951 $aXV B coll.7/3$b18588 L.M.$cXV B coll. 959 $aBK 969 $aUMA 979 $aSIAV3$b10$c20040218$lUSA01$h1300 979 $aPATRY$b90$c20040406$lUSA01$h1741 979 $aCHIARA$b90$c20100311$lUSA01$h1130 996 $aForma e decisione$9931158 997 $aUNISA